Statistics for Europe Metro Areas

Click here to take the quiz!

General Stats

  • This quiz has been taken 35 times
  • The average score is 33 of 46

Answer Stats

PopulationMetropolitan area% Correct
21.7mMoscow
100%
5.6mBarcelona
97%
6.0mBerlin
97%
16.5mIstanbul
97%
3.5mKyiv
97%
14.8mLondon
97%
7.0mMadrid
97%
8.1mMilan
97%
5.0mRome
97%
3.2mAmsterdam
94%
14.1mParis
94%
3.3mWarsaw
94%
5.5mAthens
90%
3.1mLisbon
90%
3.7mManchester
90%
5.2mMunich
90%
3.4mRotterdam-The Hague
90%
3.3mBrussels
87%
1.9mDublin
87%
4.3mHamburg
87%
5.0mNaples
87%
2.4mStockholm
87%
5.5mSt Petersburg
87%
4.2mBirmingham
84%
3.0mBudapest
84%
1.8mGlasgow
84%
2.2mLyon
84%
3.1mMarseille
84%
6.0mFrankfurt
77%
2.7mPrague
74%
2.1mLiverpool
71%
2.5mValencia
71%
2.1mMinsk
65%
5.3mStuttgart
65%
2.1mLeeds
61%
2.0mSeville
42%
3.5mNuremberg
39%
2.4mBremen
35%
3.9mHanover
35%
2.5mLille
32%
4.6mVienna-Bratislava
26%
12.2mRhine-Ruhr
13%
3.7mCopenhagen-Malmo
3%
2.9mKatowice (Upper Silesia)
3%
4.4mLeipzig-Dresden
3%
1.9mNottingham-Derby
0%

Score Distribution

Percentile by Number Answered

Percent of People with Each Score

Your Score History

You have not taken this quiz